Every African Country by Shape - Statistics

General Stats
  • This quiz has been taken 114 times
  • The average score is 29 of 54
Answer Stats
Picture Answer % Correct
Egypt
99%
South Africa
99%
Somalia
80%
Malawi
76%
Gambia
67%
Mali
67%
Benin
66%
Madagascar
66%
Morocco
66%
Senegal
66%
Sudan
66%
São Tomé and Príncipe
65%
Central African Republic
63%
Libya
63%
Algeria
61%
Namibia
61%
Mozambique
60%
Cameroon
59%
Chad
59%
Togo
59%
Tunisia
59%
Seychelles
58%
Ethiopia
57%
Eritrea
56%
Republic of the Congo
56%
Angola
55%
Zambia
55%
Nigeria
53%
Liberia
52%
Niger
52%
Kenya
51%
Mauritania
51%
Comoros
50%
Equatorial Guinea
50%
Zimbabwe
50%
Mauritius
49%
Burkina Faso
48%
Ghana
47%
Cote d' Ivoire
44%
Guinea-Bissau
44%
Tanzania
44%
South Sudan
42%
Botswana
39%
Burundi
39%
Eswatini
39%
Guinea
38%
Sierra Leone
38%
Djibouti
36%
Uganda
35%
Lesotho
34%
Rwanda
34%
Cabo Verde
22%
Zaire
17%
Republic of Gabon
3%
No matching quizzes found
Score Distribution
Percent of People with Each Score
Percentile by Number Answered
Your Score History
You have not taken this quiz